[Event "FRA-ch Seniors"]
[Site "Nimes"]
[Date "2018.08.24"]
[Round "7"]
[White "Boulos, Jean"]
[Black "Natale, Rodolphe"]
[Result "1-0"]
[WhiteElo "1784"]
[BlackElo "1826"]
[PlyCount "103"]
[EventDate "2018.08.18"]
[EventType "swiss"]
[EventRounds "9"]
[EventCountry "FRA"]
[SourceTitle "EXT 2020"]
[Source "ChessBase"]
[SourceDate "2019.10.17"]
[SourceVersion "1"]
[SourceVersionDate "2019.10.17"]
[SourceQuality "1"]

1. e4 c5 2. Nf3 Nc6 3. Bb5 g6 4. 0-0 Bg7 5. c3 Nf6 6. e5 Nd5 7. d4 cxd4 8. cxd4 0-0 9. Nc3 Nxc3 10. bxc3 d5 11. Bd3 f6 12. exf6 exf6 13. Re1 Re8 14. Bf4 Rxe1+ 15. Nxe1 Be6 16. Rb1 Qe7 17. Qc2 Re8 18. Nf3 Qd7 19. h4 f5 20. Qa4 a6 21. Qb3 Re7 22. Bg5 Rf7 23. Bf4 Re7 24. Bc1 h6 25. Qc2 Qc7 26. g3 h5 27. Bf4 Qd8 28. Bg5 Qd7 29. Bxe7 Qxe7 30. Re1 Qd6 31. Qe2 Bd7 32. Qe3 b5 33. Bc2 b4 34. Bb3 f4 35. Qxf4 Qxf4 36. gxf4 bxc3 37. Bxd5+ Kf8 38. Ne5 Nxe5 39. dxe5 Bf5 40. Be4 Bh6 41. Bxf5 gxf5 42. Rc1 Bxf4 43. Rxc3 Bxe5 44. Rc5 Bd4 45. Rxf5+ Kg7 46. Rxh5 Bc3 47. Kg2 a5 48. a4 Bd2 49. f3 Bc3 50. Kg3 Be1+ 51. Kg4 Bd2 52. f4 1-0

[Event "Cap d'Agde Cavalier op"]
[Site "Cap d'Agde"]
[Date "2008.10.30"]
[Round "7"]
[White "Dujardin, Franck"]
[Black "Natale, Rodolphe"]
[Result "1-0"]
[WhiteElo "2062"]
[BlackElo "2000"]
[PlyCount "114"]
[EventDate "2008.10.25"]
[EventType "swiss"]
[EventRounds "9"]
[EventCountry "FRA"]
[SourceTitle "EXT 2010"]
[Source "ChessBase"]
[SourceDate "2010.11.25"]
[SourceVersion "1"]
[SourceVersionDate "2010.11.25"]
[SourceQuality "1"]

1. e4 c5 2. Nf3 Nc6 3. c3 d5 4. exd5 Qxd5 5. Na3 Bg4 6. Be2 Nf6 7. d4 e6 8. 0-0 cxd4 9. Nb5 0-0-0 10. Nfxd4 Nxd4 11. cxd4 Qxb5 12. Bxg4 Nxg4 13. Qxg4 h5 14. Qf3 Qf5 15. Bf4 Bd6 16. Qc3+ Kb8 17. Bxd6+ Rxd6 18. Rac1 Rd7 19. Qg3+ Ka8 20. Qxg7 Rhd8 21. Rc5 Qg4 22. Rg5 Qxd4 23. Qxd4 Rxd4 24. Rxh5 Rd2 25. Rb5 Rc2 26. h4 f5 27. Re1 Rd6 28. Rxf5 a6 29. Rf8+ Ka7 30. Rb1 e5 31. Rf3 e4 32. Rc3 Re2 33. Re3 Rdd2 34. Rxe2 Rxe2 35. Kf1 Rd2 36. h5 Rd5 37. Re1 Rxh5 38. Rxe4 Rh1+ 39. Ke2 Rb1 40. Rb4 b5 41. Kd2 Kb6 42. Kc2 Rf1 43. Rf4 Kc5 44. a3 a5 45. g4 Rg1 46. Rf5+ Kc6 47. g5 Rg2 48. Kb3 a4+ 49. Kb4 Rg4+ 50. f4 Rg3 51. Rf6+ Kd5 52. Kxb5 Rb3+ 53. Kxa4 Rxb2 54. Rf8 Rg2 55. Kb4 Rb2+ 56. Kc3 Ra2 57. Kb3 Rg2 1-0

[Event "Cap d'Agde Cavalier op"]
[Site "Cap d'Agde"]
[Date "2008.10.27"]
[Round "3"]
[White "Petitcolas, Bernard"]
[Black "Natale, Rodolphe"]
[Result "0-1"]
[WhiteElo "1900"]
[BlackElo "2000"]
[PlyCount "46"]
[EventDate "2008.10.25"]
[EventType "swiss"]
[EventRounds "9"]
[EventCountry "FRA"]
[SourceTitle "EXT 2010"]
[Source "ChessBase"]
[SourceDate "2010.11.25"]
[SourceVersion "1"]
[SourceVersionDate "2010.11.25"]
[SourceQuality "1"]

1. e4 c5 2. Nf3 e6 3. d4 cxd4 4. Nxd4 Nc6 5. Bf4 Nf6 6. Nxc6 bxc6 7. Bd3 Qb6 8. Nd2 d5 9. e5 Nd7 10. Nb3 c5 11. c4 Bb7 12. 0-0 g5 13. Bxg5 dxc4 14. Bxc4 Rg8 15. Qh5 Nxe5 16. Bxe6 Qxe6 17. Rfe1 Bf3 18. gxf3 Rxg5+ 19. Qxg5 Nxf3+ 20. Kg2 Nxg5 21. f4 0-0-0 22. Rxe6 Nxe6 23. Kf3 Nd4+ 0-1